Kievan Rus' Grand Princes - Statistics

General Stats
  • This quiz has been taken 150 times
  • The average score is 6 of 9
Answer Stats
Reign Answer % Correct
980-1015 Vladimir
84%
862-879 Rurik
77%
879-912 Oleg
70%
1019-1054 Yaroslav
70%
945-962 Olga
64%
914-945 Igor
58%
962-972 Sviatoslav
50%
972-980 Yaropolk
47%
1015-1019 Sviatopolk
37%
No matching quizzes found
Score Distribution
Percent of People with Each Score
Percentile by Number Answered
Your Score History
You have not taken this quiz